[Event "Barcelona Sant Marti op-B 23rd"]
[Site "Barcelona"]
[Date "2023.07.20"]
[Round "8"]
[White "Riera Danes, Manel"]
[Black "Delgado Camara, Lluis Felix"]
[Result "1/2-1/2"]
[WhiteElo "1862"]
[BlackElo "1733"]
[PlyCount "42"]
[EventDate "2023.07.13"]
[EventType "swiss"]
[EventRounds "9"]
[EventCountry "ESP"]
[SourceTitle "CBM 215 Extra"]
[Source "ChessBase"]
[SourceDate "2023.09.30"]
[SourceVersion "1"]
[SourceVersionDate "2023.09.30"]
[SourceQuality "1"]

1. e4 e6 2. d4 d5 3. Nd2 Nf6 4. e5 Nfd7 5. Bd3 c5 6. c3 Nc6 7. Ne2 cxd4 8. cxd4 f6 9. exf6 Nxf6 10. Nf3 Bd6 11. 0-0 Qc7 12. Bg5 0-0 13. Bh4 Nh5 14. Qc2 h6 15. Bh7+ Kh8 16. Bg6 Rxf3 17. Bxh5 Rf8 18. Bg3 Bd7 19. Rad1 Rf6 20. Qd2 Raf8 21. Qe3 Bxg3 1/2-1/2

[Event "Barcelona Sant Marti op 10th"]
[Site "Barcelona"]
[Date "2023.02.09"]
[Round "5"]
[White "Riera Danes, Manel"]
[Black "Villar Reymundo, Juan Antonio"]
[Result "0-1"]
[WhiteElo "1871"]
[BlackElo "2065"]
[PlyCount "122"]
[EventDate "2023.01.12"]
[EventType "swiss"]
[EventRounds "9"]
[EventCountry "ESP"]
[SourceTitle "CBM 213 Extra"]
[Source "ChessBase"]
[SourceDate "2023.05.31"]
[SourceVersion "1"]
[SourceVersionDate "2023.05.31"]
[SourceQuality "1"]

1. e4 g6 2. d4 Bg7 3. Nc3 c6 4. Nf3 d6 5. Be2 Nf6 6. 0-0 0-0 7. h3 Qc7 8. Be3 Nbd7 9. Qd2 Re8 10. Rad1 b5 11. b4 Bb7 12. Rfe1 a6 13. Bh6 e5 14. Bxg7 Kxg7 15. Bf1 Rad8 16. Qg5 h6 17. Qc1 c5 18. bxc5 exd4 19. Nxd4 dxc5 20. Ndxb5 axb5 21. Nxb5 Qb8 22. Nd6 Re6 23. Nxb7 Qxb7 24. Bc4 Rxe4 25. Rxe4 Qxe4 26. Bb5 Qe7 27. Qd2 Rb8 28. a4 Nf8 29. Qc3 Rb7 30. Bc4 Ne6 31. a5 Nd4 32. Re1 Qd6 33. Qd3 Nf5 34. Qf3 Ra7 35. a6 Rxa6 36. Qb7 Nd7 37. Bxa6 Nd4 38. Rd1 Ne5 39. Rd3 Ne2+ 40. Kf1 Nxd3 41. Bxd3 Nf4 42. Qe4 h5 43. h4 Qf6 44. g3 Qa1+ 45. Qe1 Qxe1+ 46. Kxe1 Nxd3+ 47. cxd3 Kf6 48. Kd2 Ke5 49. Ke3 f6 50. f3 g5 51. f4+ gxf4+ 52. gxf4+ Kd5 53. Ke2 Kd4 54. Kd2 f5 55. Ke2 Kc3 56. Ke3 Kb3 57. Kd2 Kb2 58. Ke3 Kc3 59. Ke2 Kc2 60. Ke3 Kd1 61. d4 c4 0-1

[Event "Barcelona Sant Marti op-B 22nd"]
[Site "Barcelona"]
[Date "2022.07.15"]
[Round "3"]
[White "Wu, Yugong"]
[Black "Riera Danes, Manel"]
[Result "0-1"]
[WhiteElo "1652"]
[BlackElo "1892"]
[PlyCount "156"]
[EventDate "2022.07.13"]
[EventType "swiss"]
[EventRounds "9"]
[EventCountry "ESP"]
[SourceTitle "CBM 210 Extra"]
[Source "ChessBase"]
[SourceDate "2022.11.30"]
[SourceVersion "1"]
[SourceVersionDate "2022.11.30"]
[SourceQuality "1"]

1. d4 d5 2. c4 e6 3. g3 Nf6 4. Bg2 c6 5. Nf3 Be7 6. 0-0 0-0 7. Qc2 Nbd7 8. Nbd2 Re8 9. e4 Nxe4 10. Nxe4 dxe4 11. Qxe4 Bf6 12. Rd1 Nf8 13. Be3 Bd7 14. Ne5 Qe7 15. h4 Rad8 16. c5 Bc8 17. Nc4 Rd7 18. Bf4 Ng6 19. Bd6 Qd8 20. Ne5 Rxd6 21. cxd6 Qxd6 22. Ng4 Bd8 23. h5 f5 24. Qe2 Ne7 25. Qe5 Qd7 26. h6 Ng6 27. Qe2 fxg4 28. Qxg4 gxh6 29. Bh3 Bf6 30. Rd2 Qg7 31. Qe4 e5 32. Bxc8 Rxc8 33. d5 cxd5 34. Rxd5 Rc7 35. Qa4 a6 36. Rad1 Nf8 37. Rd6 Bg5 38. Qb3+ Qf7 39. Qa4 Re7 40. Re1 Qf3 41. Qc4+ Rf7 42. Qe2 Qf5 43. Rd5 Ng6 44. Kg2 Qe6 45. Qe4 Qc6 46. Kg1 Qf6 47. Re2 h5 48. Qd3 h4 49. Rd6 Qg7 50. Rc2 hxg3 51. Rc8+ Nf8 52. Qxg3 Be7 53. Re6 Bf6 54. Qxg7+ Kxg7 55. Rb6 Bh4 56. Rc2 Ng6 57. Re6 Bf6 58. Rb6 Nf4 59. f3 h5 60. Rc4 h4 61. b4 Nd5 62. Re6 Nf4 63. Re8 Kg6 64. a4 Kf5 65. Rg8 Rd7 66. b5 axb5 67. axb5 b6 68. Rc6 Be7 69. Rgc8 Bc5+ 70. Kh2 Rd2+ 71. Kh1 Ne6 72. Rh8 Nd4 73. Rch6 Nxf3 74. Rf8+ Bxf8 75. Rf6+ Ke4 76. Rf4+ Ke3 77. Re4+ Kf2 78. Rd4 Nxd4 0-1

[Event "Barcelona Sant Marti op 9th"]
[Site "Barcelona"]
[Date "2020.02.27"]
[Round "7"]
[White "Cervello Tost, Roger"]
[Black "Riera Danes, Manel"]
[Result "0-1"]
[WhiteElo "2045"]
[BlackElo "1909"]
[PlyCount "62"]
[EventDate "2020.01.16"]
[EventType "swiss"]
[EventRounds "9"]
[EventCountry "ESP"]
[SourceTitle "CBM 195 Extra"]
[Source "ChessBase"]
[SourceDate "2020.05.31"]
[SourceVersion "1"]
[SourceVersionDate "2020.05.31"]
[SourceQuality "1"]

1. e4 c5 2. d4 cxd4 3. c3 dxc3 4. Nxc3 Nc6 5. Nf3 e6 6. Bc4 Qc7 7. 0-0 Nf6 8. Nb5 Qb8 9. e5 a6 10. exf6 axb5 11. fxg7 Bxg7 12. Bxb5 0-0 13. Be3 d5 14. Bc5 Rd8 15. Ng5 h6 16. Bxc6 bxc6 17. Nh3 Qxb2 18. Rb1 Qf6 19. Rb3 e5 20. Rf3 Bg4 21. Rxf6 Bxd1 22. Rxc6 Be2 23. Re1 Rxa2 24. f4 d4 25. fxe5 Bxe5 26. Rxh6 d3 27. Nf2 Ra1 28. Rxa1 Bxa1 29. Ne4 d2 30. Nxd2 Rxd2 31. Rh3 Bd4+ 0-1

[Event "Barcelona Sant Marti op 9th"]
[Site "Barcelona"]
[Date "2020.02.20"]
[Round "6"]
[White "Riera Danes, Manel"]
[Black "Garcia Martinez, Josep"]
[Result "1/2-1/2"]
[WhiteElo "1909"]
[BlackElo "2042"]
[PlyCount "47"]
[EventDate "2020.01.16"]
[EventType "swiss"]
[EventRounds "9"]
[EventCountry "ESP"]
[SourceTitle "CBM 195 Extra"]
[Source "ChessBase"]
[SourceDate "2020.05.31"]
[SourceVersion "1"]
[SourceVersionDate "2020.05.31"]
[SourceQuality "1"]

1. e4 e5 2. Nf3 Nc6 3. d4 exd4 4. Nxd4 Bc5 5. Be3 Qf6 6. c3 Nge7 7. Bc4 Bb6 8. 0-0 0-0 9. Nc2 Qg6 10. Nd2 d6 11. Bxb6 axb6 12. Ne3 Ne5 13. Be2 f5 14. f4 N5c6 15. Bd3 fxe4 16. Bxe4 Nf5 17. Nxf5 Bxf5 18. Bd5+ Kh8 19. Nc4 Ne7 20. Bxb7 Rab8 21. Bf3 Be6 22. Be2 Qe4 23. Qd3 Rxf4 24. Rxf4 1/2-1/2

[Event "Barcelona Sant Marti op 9th"]
[Site "Barcelona"]
[Date "2020.01.23"]
[Round "2"]
[White "Febrero Perez, Lluis"]
[Black "Riera Danes, Manel"]
[Result "0-1"]
[WhiteElo "1385"]
[BlackElo "1909"]
[PlyCount "96"]
[EventDate "2020.01.16"]
[EventType "swiss"]
[EventRounds "9"]
[EventCountry "ESP"]
[SourceTitle "CBM 195 Extra"]
[Source "ChessBase"]
[SourceDate "2020.05.31"]
[SourceVersion "1"]
[SourceVersionDate "2020.05.31"]
[SourceQuality "1"]

1. e4 c5 2. Nf3 Nc6 3. d4 cxd4 4. Nxd4 Nf6 5. Nxc6 bxc6 6. Bd3 e5 7. b3 Be7 8. Bb2 Qc7 9. Nd2 0-0 10. 0-0 d6 11. Nc4 Be6 12. Ne3 d5 13. exd5 cxd5 14. Bf5 Bc5 15. Bxe6 fxe6 16. Qe2 Rac8 17. Ng4 Nxg4 18. Qxg4 Rf6 19. Rae1 Bd6 20. Re2 Rg6 21. Qh5 e4 22. g3 Rf8 23. Qh3 Rf5 24. Rd1 Rh6 25. Qf1 Rfh5 26. f4 Rf5 27. c4 Bc5+ 28. Kh1 e3 29. cxd5 exd5 30. Qf3 d4 31. Qe4 Qc6 32. Qxc6 Rxc6 33. Bxd4 Rd6 34. Rxe3 Rxd4 35. Re8+ Kf7 36. Rde1 Rfd5 37. Kg2 Rd2+ 38. Kh3 Rxa2 39. Rc8 Bb6 40. Rb8 Rd7 41. Re5 Ra5 42. Ree8 Rh5+ 43. Kg2 Rd2+ 44. Kf3 Rhxh2 45. Rf8+ Ke7 46. Rg8 Rd3+ 47. Kg4 h5+ 48. Kf5 Rxg3 0-1

[Event "Barcelona Sant Marti op-B 21st"]
[Site "Barcelona"]
[Date "2019.07.13"]
[Round "1"]
[White "Riera Danes, Manel"]
[Black "Minko, Olga"]
[Result "1-0"]
[WhiteElo "1933"]
[BlackElo "1603"]
[PlyCount "65"]
[EventDate "2019.07.13"]
[EventType "swiss"]
[EventRounds "9"]
[EventCountry "ESP"]
[SourceTitle "EXT 2020"]
[Source "ChessBase"]
[SourceDate "2019.10.17"]
[SourceVersion "1"]
[SourceVersionDate "2019.10.17"]
[SourceQuality "1"]

1. e4 e5 2. Nf3 Nc6 3. Bb5 Nf6 4. Qe2 Nb4 5. d3 c6 6. Bc4 Qc7 7. c3 Na6 8. 0-0 Be7 9. d4 d5 10. exd5 e4 11. Ne5 cxd5 12. Bb5+ Bd7 13. Bg5 Nb8 14. Nxd7 Nbxd7 15. Bxf6 gxf6 16. Nd2 f5 17. c4 a6 18. Ba4 dxc4 19. Bxd7+ Qxd7 20. Nxc4 Qxd4 21. Rad1 Qf6 22. Ne3 Bd6 23. Nxf5 Bxh2+ 24. Kxh2 Qxf5 25. Rde1 Qf4+ 26. g3 Qh6+ 27. Kg2 f5 28. Qc4 Qf6 29. Rd1 h5 30. Qc7 Qe7 31. Qf4 h4 32. Rd5 e3 33. Re5 1-0

[Event "Barcelona La Lira op 12th"]
[Site "Barcelona"]
[Date "2019.05.09"]
[Round "5"]
[White "Riera Danes, Manel"]
[Black "Asensio Linan, Teodoro"]
[Result "0-1"]
[WhiteElo "1921"]
[BlackElo "2128"]
[PlyCount "80"]
[EventDate "2019.04.04"]
[EventType "swiss"]
[EventRounds "9"]
[EventCountry "ESP"]
[SourceTitle "CBM 190 Extra"]
[Source "ChessBase"]
[SourceDate "2019.07.15"]
[SourceVersion "1"]
[SourceVersionDate "2019.07.15"]
[SourceQuality "1"]

1. e4 d6 2. d4 Nf6 3. Nc3 Nbd7 4. f4 e5 5. Nf3 exd4 6. Nxd4 Nc5 7. Bd3 Be7 8. Be3 0-0 9. Qd2 Re8 10. 0-0-0 Bf8 11. e5 dxe5 12. fxe5 Ng4 13. Nf3 Nxd3+ 14. cxd3 Nxe5 15. Nxe5 Rxe5 16. Bf4 Ra5 17. Kb1 Be6 18. a3 c6 19. Qf2 b5 20. Qg3 Rc8 21. Ne4 b4 22. axb4 Bxb4 23. Be5 Rxe5 24. Qxe5 Bb3 25. Nc3 Bxd1 26. Rxd1 Rb8 27. Kc2 Qb6 28. Rd2 Ba5 29. Kc1 Bb4 30. Re2 Bf8 31. Ne4 Rd8 32. Qf5 h6 33. Rf2 Qb3 34. Rf3 Be7 35. Rg3 Qd5 36. Nf6+ Bxf6 37. Qxf6 g6 38. Re3 Rf8 39. Rg3 Kh7 40. Rxg6 Qc5+ 0-1

[Event "Barcelona La Lira op 12th"]
[Site "Barcelona"]
[Date "2019.05.02"]
[Round "4"]
[White "Massanet Miret, Pere"]
[Black "Riera Danes, Manel"]
[Result "0-1"]
[WhiteElo "1727"]
[BlackElo "1921"]
[PlyCount "86"]
[EventDate "2019.04.04"]
[EventType "swiss"]
[EventRounds "9"]
[EventCountry "ESP"]
[SourceTitle "CBM 190 Extra"]
[Source "ChessBase"]
[SourceDate "2019.07.15"]
[SourceVersion "1"]
[SourceVersionDate "2019.07.15"]
[SourceQuality "1"]

1. c4 Nf6 2. Nc3 g6 3. g3 Bg7 4. Bg2 d6 5. Nf3 Nbd7 6. 0-0 0-0 7. d3 c6 8. Bd2 Rb8 9. Rb1 e5 10. b4 a6 11. a4 d5 12. b5 axb5 13. cxb5 Ra8 14. e3 Nc5 15. d4 exd4 16. Nxd4 Bd7 17. Bc1 Re8 18. Ba3 Nce4 19. Qc1 Nxc3 20. Qxc3 Rxa4 21. bxc6 bxc6 22. Nxc6 Bxc6 23. Qxc6 Rxa3 24. Rfd1 Qc8 25. Bxd5 Nxd5 26. Qxd5 Ra7 27. Qb5 Rc7 28. Qa4 Rd8 29. Rxd8+ Qxd8 30. Rd1 Qc8 31. Kg2 h5 32. Qa5 Bf6 33. Rb1 Rc5 34. Qa3 Qc6+ 35. Kg1 Kg7 36. Rd1 Rc3 37. Qa5 Qf3 38. Qa4 h4 39. gxh4 Be5 40. Rb1 Qh3 41. Qe4 Bxh2+ 42. Kh1 Bg3+ 43. Kg1 Qh2+ 0-1

[Event "Barcelona La Lira op 12th"]
[Site "Barcelona"]
[Date "2019.04.25"]
[Round "3"]
[White "Riera Danes, Manel"]
[Black "Capellades Subirana, Marc"]
[Result "1/2-1/2"]
[WhiteElo "1921"]
[BlackElo "2193"]
[PlyCount "74"]
[EventDate "2019.04.04"]
[EventType "swiss"]
[EventRounds "9"]
[EventCountry "ESP"]
[SourceTitle "CBM 190 Extra"]
[Source "ChessBase"]
[SourceDate "2019.07.15"]
[SourceVersion "1"]
[SourceVersionDate "2019.07.15"]
[SourceQuality "1"]

1. e4 e5 2. Nf3 Nc6 3. d4 exd4 4. Nxd4 Nf6 5. Nxc6 bxc6 6. e5 Qe7 7. Qe2 Nd5 8. c4 Qb4+ 9. Nd2 Nf4 10. Qe4 Ne6 11. Be2 Be7 12. 0-0 0-0 13. a3 Qb6 14. Nf3 f5 15. exf6 Bxf6 16. Rb1 d5 17. cxd5 Nc5 18. Qc4 Ba6 19. Qc2 Bxe2 20. Qxe2 cxd5 21. Be3 Qe6 22. Qc2 Ne4 23. Nd4 Bxd4 24. Bxd4 Rf7 25. f3 Nd6 26. Rfe1 Qd7 27. Qc5 Nf5 28. Bf2 c6 29. Rbc1 Rc8 30. Re5 Nd6 31. Rce1 Rcf8 32. Bg3 Nf5 33. Re6 Rf6 34. Rxf6 Rxf6 35. Bf2 d4 36. g4 Nh6 37. Qc4+ Rf7 1/2-1/2

[Event "Barcelona Sant Marti op 8th"]
[Site "Barcelona"]
[Date "2019.03.07"]
[Round "8"]
[White "Montoliu Delgado, Isaac"]
[Black "Riera Danes, Manel"]
[Result "1-0"]
[WhiteElo "1998"]
[BlackElo "1909"]
[PlyCount "99"]
[EventDate "2019.01.17"]
[EventType "swiss"]
[EventRounds "9"]
[EventCountry "ESP"]
[SourceTitle "CBM 189 Extra"]
[Source "ChessBase"]
[SourceDate "2019.06.03"]
[SourceVersion "1"]
[SourceVersionDate "2019.06.03"]
[SourceQuality "1"]

1. d4 Nf6 2. c4 g6 3. Nc3 Bg7 4. e4 d6 5. f3 0-0 6. Bg5 a6 7. Qd2 c5 8. d5 Nbd7 9. Nh3 b5 10. cxb5 Qa5 11. bxa6 Bxa6 12. Bxa6 Qxa6 13. Qe2 Rfb8 14. Qxa6 Rxa6 15. Rb1 h6 16. Bd2 Ne5 17. Nf2 Nc4 18. b3 Nb6 19. Ke2 Nfd7 20. a4 c4 21. bxc4 Nxc4 22. Rxb8+ Nxb8 23. Ra1 Nd7 24. Nfd1 Nc5 25. Be3 Nb3 26. Rb1 Nxe3 27. Kxe3 Nc5 28. Rb8+ Kh7 29. Rb4 Bf6 30. Kd2 e6 31. dxe6 fxe6 32. Kc2 Kg7 33. Nb2 Kf7 34. Rc4 Ke7 35. Nd3 Bxc3 36. Nxc5 dxc5 37. Kxc3 Kd6 38. Kd3 Rb6 39. Rc3 Rb2 40. Ra3 Rxg2 41. a5 Rxh2 42. a6 c4+ 43. Kxc4 Rc2+ 44. Kd4 Rc8 45. a7 Ra8 46. Ra6+ Kd7 47. Ke5 Ke7 48. Rxe6+ Kf7 49. Rf6+ Kg7 50. Ra6 1-0

[Event "Barcelona Sant Marti op 8th"]
[Site "Barcelona"]
[Date "2019.02.28"]
[Round "7"]
[White "Riera Danes, Manel"]
[Black "Lacasta Palacio, Joaquim"]
[Result "1/2-1/2"]
[WhiteElo "1909"]
[BlackElo "2074"]
[PlyCount "119"]
[EventDate "2019.01.17"]
[EventType "swiss"]
[EventRounds "9"]
[EventCountry "ESP"]
[SourceTitle "CBM 189 Extra"]
[Source "ChessBase"]
[SourceDate "2019.06.03"]
[SourceVersion "1"]
[SourceVersionDate "2019.06.03"]
[SourceQuality "1"]

1. e4 c5 2. Nf3 Nc6 3. d4 cxd4 4. Nxd4 e6 5. Nc3 Qc7 6. Be3 Nf6 7. Qd2 a6 8. 0-0-0 Bb4 9. f3 0-0 10. Nb3 d5 11. Bg5 dxe4 12. Bxf6 gxf6 13. fxe4 Qe5 14. Qe1 Bxc3 15. bxc3 Qg5+ 16. Kb1 Ne5 17. h4 Qh6 18. Be2 Bd7 19. g4 Bc6 20. g5 fxg5 21. hxg5 Qg7 22. Bd3 Rfc8 23. Qh4 Be8 24. Rh3 Ng6 25. Qf2 Bb5 26. Rdh1 Nf8 27. g6 fxg6 28. Nd4 Bxd3 29. Rxd3 Rc7 30. Qh2 Rac8 31. Qh3 Qe5 32. Rf1 Rf7 33. Rxf7 Kxf7 34. Nf3 Qb5+ 35. Kc1 Kg8 36. e5 Qa5 37. Qf1 Qxa2 38. Kd2 Qa3 39. Ng5 Qe7 40. Ne4 Qh4 41. Nd6 Qg5+ 42. Kd1 Rc7 43. Ne8 Rf7 44. Nf6+ Kh8 45. Qe1 Qf4 46. Rd4 Qf3+ 47. Kc1 h5 48. Rd8 Qf4+ 49. Kb2 Kg7 50. Rd4 Qg5 51. Rd3 Nh7 52. Rg3 Qf5 53. Ne8+ Kf8 54. Nd6 Qf1 55. Qxf1 Rxf1 56. Rxg6 Re1 57. Rxe6 Kg8 58. Rg6+ Kf8 59. Rh6 Ng5 60. Rxh5 1/2-1/2

[Event "Barcelona Sant Marti op 8th"]
[Site "Barcelona"]
[Date "2019.01.24"]
[Round "2"]
[White "Riera Danes, Manel"]
[Black "Garcia Vidueira, Juan Carlos"]
[Result "1-0"]
[WhiteElo "1909"]
[BlackElo "1610"]
[PlyCount "63"]
[EventDate "2019.01.17"]
[EventType "swiss"]
[EventRounds "9"]
[EventCountry "ESP"]
[SourceTitle "CBM 189 Extra"]
[Source "ChessBase"]
[SourceDate "2019.06.03"]
[SourceVersion "1"]
[SourceVersionDate "2019.06.03"]
[SourceQuality "1"]

1. e4 c5 2. Nf3 d6 3. d4 cxd4 4. Nxd4 Nf6 5. Nc3 a6 6. Be3 g6 7. Be2 Bg7 8. 0-0 0-0 9. f4 b5 10. e5 dxe5 11. fxe5 Ne8 12. Bf3 Ra7 13. Nc6 Qxd1 14. Raxd1 Nxc6 15. Bxc6 Rc7 16. Nd5 Bxe5 17. Nxc7 Nxc7 18. Bh6 Bg7 19. Bxg7 Kxg7 20. Rfe1 Be6 21. a3 Rb8 22. Bd7 Rb7 23. Rd2 h5 24. Re5 Kf6 25. Rc5 b4 26. axb4 Nb5 27. Bxe6 Kxe6 28. Rc6+ Nd6 29. c4 Kd7 30. Rxa6 Kc7 31. b5 Nxc4 32. Rc6+ 1-0

[Event "Barcelona Sant Marti op-B 20th"]
[Site "Barcelona"]
[Date "2018.07.18"]
[Round "6"]
[White "Siso Ribes, Genis Alfred"]
[Black "Riera Danes, Manel"]
[Result "0-1"]
[WhiteElo "1626"]
[BlackElo "1938"]
[PlyCount "80"]
[EventDate "2018.07.13"]
[EventType "swiss"]
[EventRounds "9"]
[EventCountry "ESP"]
[SourceTitle "EXT 2019"]
[Source "ChessBase"]
[SourceDate "2018.10.10"]
[SourceVersion "1"]
[SourceVersionDate "2018.10.10"]
[SourceQuality "1"]

1. d4 Nf6 2. c4 g6 3. Nc3 Bg7 4. e4 d6 5. f3 0-0 6. Nge2 c5 7. d5 e6 8. Ng3 exd5 9. cxd5 a6 10. a4 b6 11. Be2 Nbd7 12. 0-0 Re8 13. Bf4 Nf8 14. Qd2 h5 15. Bh6 N8h7 16. Bxg7 Kxg7 17. Rad1 Ra7 18. Rfe1 Rae7 19. Bd3 Bb7 20. Nce2 Qc7 21. b3 h4 22. Nh1 Re5 23. Nf2 Bc8 24. Nf4 g5 25. N4h3 Bxh3 26. Nxh3 g4 27. f4 R5e7 28. e5 dxe5 29. Bxh7 Qd6 30. Ng5 Nxh7 31. Nxh7 Kxh7 32. Qd3+ e4 33. Qxa6 Rd8 34. Qf1 f5 35. Re3 Red7 36. g3 h3 37. Qc4 Qf6 38. Kf2 Qf7 39. Qb5 Rxd5 40. Qxb6 Rxd1 0-1

[Event "Barcelona Sant Marti op 7th"]
[Site "Barcelona"]
[Date "2018.02.08"]
[Round "5"]
[White "Riera Danes, Manel"]
[Black "Cabot Muntane, Jordi"]
[Result "1/2-1/2"]
[WhiteElo "1948"]
[BlackElo "1861"]
[PlyCount "53"]
[EventDate "2018.01.11"]
[EventType "swiss"]
[EventRounds "9"]
[EventCountry "ESP"]
[SourceTitle "EXT 2019"]
[Source "ChessBase"]
[SourceDate "2018.10.10"]
[SourceVersion "1"]
[SourceVersionDate "2018.10.10"]
[SourceQuality "1"]

1. e4 c6 2. d4 d5 3. e5 c5 4. c3 Nc6 5. Nf3 Bg4 6. Be2 e6 7. 0-0 cxd4 8. cxd4 Nge7 9. Nbd2 Nf5 10. h3 Bxf3 11. Nxf3 Be7 12. Be3 Qb6 13. b3 0-0 14. Bd3 Nxe3 15. fxe3 f6 16. exf6 Bxf6 17. Rc1 e5 18. Bb1 e4 19. Nh2 Bg5 20. Rc3 Qb4 21. Qc2 Rxf1+ 22. Nxf1 Rf8 23. Nh2 Bh4 24. Qc1 Bg5 25. Qd2 Bh4 26. Qc1 Bg5 27. Qd2 1/2-1/2

[Event "Barcelona Sant Marti op 7th"]
[Site "Barcelona"]
[Date "2018.01.25"]
[Round "3"]
[White "Riera Danes, Manel"]
[Black "Marques Soriano, Valentin"]
[Result "1-0"]
[WhiteElo "1948"]
[BlackElo "1718"]
[PlyCount "31"]
[EventDate "2018.01.11"]
[EventType "swiss"]
[EventRounds "9"]
[EventCountry "ESP"]
[SourceTitle "EXT 2019"]
[Source "ChessBase"]
[SourceDate "2018.10.10"]
[SourceVersion "1"]
[SourceVersionDate "2018.10.10"]
[SourceQuality "1"]

1. e4 e5 2. Nf3 Nc6 3. d4 exd4 4. Nxd4 Nxd4 5. Qxd4 Qf6 6. e5 Qb6 7. Qxb6 axb6 8. Nc3 c6 9. Bd3 g6 10. 0-0 d5 11. exd6 Bxd6 12. Ne4 Be7 13. Be3 c5 14. Rfe1 Be6 15. Bf4 Nf6 16. Be5 1-0

[Event "Barcelona Sant Marti op 6th"]
[Site "Barcelona"]
[Date "2017.02.23"]
[Round "7"]
[White "Riera Danes, Manel"]
[Black "Montero Domenech, Felix"]
[Result "1-0"]
[WhiteElo "1919"]
[BlackElo "1775"]
[PlyCount "93"]
[EventDate "2017.01.12"]
[EventType "swiss"]
[EventRounds "9"]
[EventCountry "ESP"]
[SourceTitle "EXT 2018"]
[Source "ChessBase"]
[SourceDate "2017.10.13"]
[SourceVersion "1"]
[SourceVersionDate "2017.10.13"]
[SourceQuality "1"]

1. e4 g6 2. d4 Bg7 3. Nc3 c5 4. Nf3 cxd4 5. Nxd4 Nc6 6. Be3 d6 7. Be2 Bd7 8. Nb3 Nf6 9. 0-0 0-0 10. f4 Qc8 11. h3 h5 12. Qd2 Nd8 13. Rad1 Bc6 14. Bf3 Ne6 15. f5 Nc7 16. Nd4 Nd7 17. Bh6 Ne5 18. Bxg7 Kxg7 19. Be2 Qd7 20. Qg5 Rh8 21. f6+ exf6 22. Qxf6+ Kg8 23. Nxc6 Qxc6 24. Qxd6 Qxd6 25. Rxd6 Kg7 26. Rfd1 Rhe8 27. Nb5 Ne6 28. Rxe6 Rxe6 29. Nc7 Rc8 30. Nxe6+ fxe6 31. c3 Kf6 32. Kf2 a5 33. Ke3 a4 34. a3 Rc6 35. Rd4 Rb6 36. Rb4 Rxb4 37. axb4 Ke7 38. Bb5 Kd6 39. Kd4 Nc6+ 40. Bxc6 e5+ 41. Kc4 Kxc6 42. b5+ Kd6 43. Kb4 b6 44. h4 Ke6 45. Kxa4 Kf6 46. c4 g5 47. c5 1-0

[Event "Barcelona Sant Marti op-B 18th"]
[Site "Barcelona"]
[Date "2016.07.20"]
[Round "8.14"]
[White "Ritter Aguilar, Jordi"]
[Black "Riera Danes, Manel"]
[Result "0-1"]
[WhiteElo "1868"]
[BlackElo "1916"]
[PlyCount "46"]
[EventDate "2016.07.13"]
[EventType "swiss"]
[EventRounds "9"]
[EventCountry "ESP"]
[SourceTitle "EXT 2024"]
[Source "ChessBase"]
[SourceDate "2023.10.10"]
[SourceVersion "1"]
[SourceVersionDate "2023.10.10"]
[SourceQuality "1"]

1. e4 c5 2. Nf3 Nc6 3. c3 Nf6 4. Qc2 e5 5. g3 Be7 6. Bg2 0-0 7. 0-0 d6 8. h3 h6 9. d3 Be6 10. Re1 b5 11. Be3 b4 12. Nbd2 d5 13. d4 cxd4 14. cxd4 Rc8 15. Qa4 exd4 16. Nxd4 Nxd4 17. Bxd4 dxe4 18. Bxf6 Bxf6 19. Nxe4 Bxb2 20. Rad1 Qb6 21. Rd6 Qb8 22. Red1 b3 23. a3 Be5 0-1

[Event "Barcelona Sant Marti op-B 18th"]
[Site "Barcelona"]
[Date "2016.07.17"]
[Round "5.8"]
[White "Riera Danes, Manel"]
[Black "Khudov, Oleksandr"]
[Result "1/2-1/2"]
[WhiteElo "1916"]
[BlackElo "1847"]
[PlyCount "53"]
[EventDate "2016.07.13"]
[EventType "swiss"]
[EventRounds "9"]
[EventCountry "ESP"]
[SourceTitle "EXT 2024"]
[Source "ChessBase"]
[SourceDate "2023.10.10"]
[SourceVersion "1"]
[SourceVersionDate "2023.10.10"]
[SourceQuality "1"]

1. e4 e6 2. d4 d5 3. Nd2 c5 4. exd5 Qxd5 5. Ngf3 cxd4 6. Bc4 Qd6 7. 0-0 Nf6 8. Nb3 Nc6 9. Nbxd4 Nxd4 10. Nxd4 a6 11. c3 Qc7 12. Qe2 Bd6 13. h3 0-0 14. Bg5 Nd7 15. Rad1 Ne5 16. Bb3 h6 17. Bc1 Kh8 18. Qh5 Ng6 19. Nxe6 Bxe6 20. Bxe6 Bh2+ 21. Kh1 Nf4 22. Bxf4 Bxf4 23. Bb3 a5 24. Qf5 g6 25. Qf6+ Kh7 26. Rfe1 Bg5 27. Qf3 1/2-1/2